Statistiques concernant Capitale plus grand pays frontalier

Cliquez ici pour prendre le quiz!

Statistiques générales

  • Ce quiz a été pris 78 fois
  • Le résultat moyen est 9 sur 10

Statistiques - réponses

HintRéponse% Correct
TunisieAlger
100%
KazakhstanMoscou
99%
MexiqueWashington
99%
FranceBrasilia
94%
OmanRiyad
88%
Corée du SudPyongyang
87%
DanemarkOttawa
77%
LaosPékin
77%
HaïtiSaint Domingue
71%
Pays BasParis
68%

Distribution des résultats

Percentile par nombre de réponses

% des personnes avec chaque résultat

Votre développement - résultats

Vous n’avez pas pris ce quiz